000 00990nam a22003137a 4500
003 CHAP
005 20220329143316.0
008 080429s2006 es a r 00010 spa d
010 _a94758
011 _a95730
020 _a9788429126327
035 _a106360
040 _cCHAP
082 0 4 _a339
_bK7
100 0 0 _aKrugman, Paul R.
_963980
245 1 0 _aIntroducción a la economía :
_bmacroeconomía
_c/por Paul Krugman y Robin Wells
260 _aBarcelona :
_bReverte,
_c2006
300 _axxiv, 488, 23, 5, 14 p. :
_bilus.: gráfs.
590 _aBATCH-UPD
_b10
_c20130110
_lUCH01
_h0709
590 _aBATCH-UPD
_b10
_c20130410
_lUCH01
_h0355
590 _aBATCH-UPD
_b10
_c20130914
_lUCH01
_h1233
590 _aCONVERSION
_b10
_c20130109
_lUCH01
_h1352
650 1 4 _aEconomía.
_935226
650 1 4 _aMacroeconomía.
_969550
700 1 _aWells, Robin
_9121453
901 _aBK
942 _cLIBRO
949 _a339 K7
_bBC
_cLIBRO
_d33724002060678
_eLIBRO
_gIc/e.
_h109466
_i106360
_so
_t$450.00
999 _c94758
_d94758